00289nam a2200121Ia 4500008004100000100001100041245004000052260003100092300000900123650001300132942000700145999001500152190216s9999||||xx |||||||||||||| ||und|| aSaxena 0aPrinciples & Practice Of Management bNew Central Book Agencies a716p aCommerce cBK c5305d5305